Dwa dokumenty z Upiłki i Borowego Młyna - dotyczące dziejów Gochów u schyłku epoki zaboru i początków odrodzonej Rzeczypospolitej
| Titel: | Dwa dokumenty z Upiłki i Borowego Młyna - dotyczące dziejów Gochów u schyłku epoki zaboru i początków odrodzonej Rzeczypospolitej |
|---|---|
| Verfasser: | |
| In: |
Borzyszkowy i Borzyszkowscy ; 6. Tuchomie, (1999), Seite 105-126 alle Artikel anzeigen |
| Veröffentlicht: | 1999 |
| Format: | Aufsatz |
| Sprache: | Polnisch |
X
alg: 39359978 001A $01999:12-11-16 001B $01999:12-03-21 $t19:08:20.000 001D $01999:12-11-16 001U $0utf8 001X $00 002@ $0Aox 003@ $0393599787 007A $0393599787 $aHEB 007T $0Herdt13671 010@ $apol 011@ $a1999 021A $aDwa dokumenty z Upiłki i Borowego Młyna - dotyczące dziejów Gochów u schyłku epoki zaboru i początków odrodzonej Rzeczypospolitej 027A $aZwei Dokumente aus Upilka und Heidemühle, welche die Geschichte der Region Gochy am Ende der Teilungszeit und zu Beginn der wiedererrichteten Republik thematisieren 028A $#Borzyszkowski, Josef $#Bòrzëszkòwsczi, Józef $7103361952 $8Borzyszkowski, Józef$Z1946- [Tp1] $9138771383 031A $h105-126 $j1999 039B $aIn $8--Afu--. Borzyszkowy i Borzyszkowscy ; 6. Tuchomie. - Gdańsk, 1999. - 374 S.. - Ill.. - ISBN 83-87258-25-3 $x199900000000000895 $9089573560 045F $a900.9438209033 $eDDC23BSB 045F/01 $a900 045F/03 $f09033 045F/03 $f9034 045F/03 $f09041 045F/03 $g4382 045F/03 $g43832 046C $aZwei Dokumente aus Upilka und Heidemühle, welche die Geschichte der Region Gochy am Ende der Teilungszeit und zu Beginn der wiedererrichteten Republik thematisieren $bÜbers. des Hauptsacht. lok: 39359978 78 exp: 39359978 78 1 #EPN 201B/01 $019-12-17 $t22:56:27.000 201U/01 $0utf8 203@/01 $0789710269 208@/01 $a12-11-16 $be 209A/01 $a/ $f000 $x00 220C/01 $aTitelaufnehmer: uz;gk 220C/01 $aHerkunft: UMK/BU Toruń 244Z/01 $2Trx $#Prusy Wschodnie i Zachodnie $8--Trx--Ost- und Westpreußen $x01 $939113373X 244Z/01 $2Trx $#Upilka Konitz $#Ossenbrück* $8--Trx--Upiłka$gChojnice $x02 $9391200305 244Z/01 $2Trx $#Heidemühle Bütow $#Heidemühle Stuhm $#Borowy Młyn Sztum;Prądzyński Młyn $8--Trx--Borowy Młyn$gBytów $x03 $9391305735 244Z/01 $2Trx $8--Trx--Gochy$gregion $x04 $9391156659 244Z/01 $#Kaszuby $#Kaschubei $#Pommerellen, Nord $#Nordpommerellen $74284575-0 $8--Tg1--Kaschubien $x05 $9086537350 244Z/01 $2Trx $#külad $#kaimai $#villages $#falvak $#wsie $#dediny $#vesnice $8--Trx--Dörfer $x06 $9391374176 244Z/01 $2Trx $#kašuubid $#kašubai $#kaschubs $#kasubok $#Kaszubi $#Kašubovia $#Kašubové $#Kabatker $#Kabatkowie $8--Trx--Kaschuben $x07 $9391361384 244Z/01 $2Trx $8--Trx--Einzelbeiträge $x08 $9391384570 245Z/01 $a03.03.04 $x01 247C/01 $82080>Marburg/Lahn, Herder-Institut, Forschungsbibliothek, Bibliographieportal $9336309341
| LEADER | 00000caa a22000002c 4500 | ||
|---|---|---|---|
| 001 | 393599787 | ||
| 003 | DE-603 | ||
| 005 | 20210312190820.0 | ||
| 007 | tu | ||
| 008 | 161112s1999 xx |||| | u00||u|pol c | ||
| 035 | |a (DE-599)HEB393599787 | ||
| 040 | |a DE-603 |b ger |c DE-603 |d DE-603 | ||
| 041 | |a pol | ||
| 082 | 0 | 4 | |8 1\u |a 900.9438209033 |q DE-101 |2 23/BSB |
| 085 | |8 1\u |b 900 | ||
| 085 | |8 1\u |z 1 |s 09033 | ||
| 085 | |8 1\u |z 1 |s 9034 | ||
| 085 | |8 1\u |z 1 |s 09041 | ||
| 085 | |8 1\u |z 2 |s 4382 | ||
| 085 | |8 1\u |z 2 |s 43832 | ||
| 100 | 1 | |a Borzyszkowski, Józef |d 1946- |0 (DE-603)138771383 |0 (DE-588)103361952 |2 gnd | |
| 245 | 0 | 0 | |a Dwa dokumenty z Upiłki i Borowego Młyna - dotyczące dziejów Gochów u schyłku epoki zaboru i początków odrodzonej Rzeczypospolitej |
| 246 | 1 | |i Übers. des Hauptsacht. |a Zwei Dokumente aus Upilka und Heidemühle, welche die Geschichte der Region Gochy am Ende der Teilungszeit und zu Beginn der wiedererrichteten Republik thematisieren | |
| 246 | 1 | 3 | |a Zwei Dokumente aus Upilka und Heidemühle, welche die Geschichte der Region Gochy am Ende der Teilungszeit und zu Beginn der wiedererrichteten Republik thematisieren |
| 264 | 0 | |c 1999 | |
| 773 | 0 | 8 | |i In |t Borzyszkowy i Borzyszkowscy ; 6. Tuchomie |d Gdańsk, 1999 |h 374 S., Ill. |z 8387258253 |g (1999), Seite 105-126 |w (DE-603)089573560 |
| 924 | 0 | |9 2080 |a (DE-603)789710269 |b DE-2080 |c HES |d d |g / | |


